MAASAI MARA UNIVERSITY

LIBRARY CATALOGUE

Contact Us: +254 020 2685356/7 or 0774 057787

Box: 861-20500, NAROK, KENYA

Email: info@mmarau.ac.ke

Artificial Intelligence and International Arbitration Law : (Record no. 33536)

MARC details
000 -LEADER
fixed length control field 00652nam a22002057a 4500
003 - CONTROL NUMBER IDENTIFIER
control field OSt
005 - DATE AND TIME OF LATEST TRANSACTION
control field 20260427121259.0
008 - FIXED-LENGTH DATA ELEMENTS--GENERAL INFORMATION
fixed length control field 260427b |||||||| |||| 00| 0 eng d
020 ## - INTERNATIONAL STANDARD BOOK NUMBER
International Standard Book Number 9781041124207
020 ## - INTERNATIONAL STANDARD BOOK NUMBER
International Standard Book Number 9781003667834
040 ## - CATALOGING SOURCE
Original cataloging agency MMARA-U
Language of cataloging eng
Transcribing agency MMARA-U
Modifying agency MMARA-U
050 ## - LIBRARY OF CONGRESS CALL NUMBER
Classification number K 2400 .L339 2026
100 ## - MAIN ENTRY--PERSONAL NAME
Personal name Lagiewska Magdalena
9 (RLIN) 3190
245 ## - TITLE STATEMENT
Title Artificial Intelligence and International Arbitration Law :
Remainder of title Revolution or Evolution /
Statement of responsibility, etc. Magdalena Lagiewska.
260 ## - PUBLICATION, DISTRIBUTION, ETC. (IMPRINT)
Place of publication, distribution, etc. London :
Name of publisher, distributor, etc. Routedge,
Date of publication, distribution, etc. 2026.
300 ## - PHYSICAL DESCRIPTION
Extent 170 pages :
504 ## - BIBLIOGRAPHY, ETC. NOTE
Bibliography, etc Includes Index.
650 ## - SUBJECT ADDED ENTRY--TOPICAL TERM
Topical term or geographic name as entry element Legal Issues Invoved in Using AI.
9 (RLIN) 3191
942 ## - ADDED ENTRY ELEMENTS (KOHA)
Source of classification or shelving scheme Library of Congress Classification
Koha item type L
Holdings
Withdrawn status Lost status Source of classification or shelving scheme Damaged status Not for loan Home library Current library Date acquired Source of acquisition Cost, normal purchase price Total Checkouts Full call number Barcode Date last seen Price effective from Koha item type
    Library of Congress Classification     Maasai Mara University Library -Main Campus Maasai Mara University Library -Main Campus 04/27/2026 Donation 33405.17   K 2400 .L339 2026 2604040823 04/27/2026 04/27/2026 L
© 2016 Maasai Mara University.